ბათუმის შოთა რუსთაველის სახელმწიფო უნივერსიტეტის ბიბლიოთეკა

საქართველოს პოლიტიკურ-ადმინისტრაციული რუკა (ბიბ.ჩანაწერი № 51514)

000 -LEADER
fixed length control field 01364nam a2200241Ia 4500
001 - CONTROL NUMBER
control field 18503
003 - CONTROL NUMBER IDENTIFIER
control field GE_BSU
008 - FIXED-LENGTH DATA ELEMENTS--GENERAL INFORMATION
fixed length control field 181216s||||||||xx |||||||||||||| ||und||
040 ## - CATALOGING SOURCE
Transcribing agency GE_BSU
100 ## - MAIN ENTRY--PERSONAL NAME
Personal name რუკის ავტორები:ლევან ტიელიძე,რამინ გობეჯიშვილი,ალექსანდრე ჯავახიშვილი.
245 ## - TITLE STATEMENT
Title საქართველოს პოლიტიკურ-ადმინისტრაციული რუკა
245 ## - TITLE STATEMENT
Remainder of title ადმინისტრაციულ-ტერიტორიული დაყოფა:ქალაქი,ავტონომიური რესპუბლიკები,მხარეები,მუნიციპალიტეტები
245 ## - TITLE STATEMENT
Statement of responsibility, etc. რედ:ვლადიმერ ბუაჩიძე
260 ## - PUBLICATION, DISTRIBUTION, ETC.
Place of publication, distribution, etc. თბილისი
260 ## - PUBLICATION, DISTRIBUTION, ETC.
Name of publisher, distributor, etc. ვახუშტი ბაგრატიონის გეოგრაფიის ინ-ტი
260 ## - PUBLICATION, DISTRIBUTION, ETC.
Date of publication, distribution, etc. 2013.
300 ## - PHYSICAL DESCRIPTION
Extent მასშტაბი1:500 000
653 ## - INDEX TERM--UNCONTROLLED
Uncontrolled term გეოგრაფია
653 ## - INDEX TERM--UNCONTROLLED
Uncontrolled term კარტოგრაფია
653 ## - INDEX TERM--UNCONTROLLED
Uncontrolled term საქართველოს პოლიტიკურ-ადმინისტრაციული რუკა
942 ## - ADDED ENTRY ELEMENTS (KOHA)
Koha item type რუკები
ეგზემპლარები
Withdrawn status Lost status Damaged status Not for loan Date acquired Barcode Date last seen Price effective from Koha item type
        2018-12-17 47642 2018-12-17 2018-12-17 რუკები
        2018-12-17 47643 2018-12-17 2018-12-17 რუკები